000 00958 a2200349 4500
005 20250812092249.0
008 250812b |||||||| |||| 00| 0 eng d
041 _aFr
044 _aCIV
090 _bDG/N/3086
100 _a
100 _aBAKAYOKO, Lassana,
100 _a ZEZE, Claude Ghislaine
100 _aKOFFI, Okoma Mathurin
100 _aSILUE, Oumar
110 _aCentre National de Recherche Agronomique
110 _bCote d'Ivoire
245 _aBien purifier et quantifier l'ADN genomique extrait des tissus des organismes
_b: Fiche Technique
260 _aAbidjan
260 _bCNRA
260 _c2025
302 _a 3 p.
388 _a2025-08-12
650 _2AGROVOC
_gADN
650 _gBien
650 _gpurifier
650 _gquantifier
650 _gGenomique
650 _gtissus
650 _gorganismes
856 _uhttps://ftech.byethost7.com/wp-content/uploads/2025/08/DGN3086-1.pdf
999 _c5957
_d5957